Top 15 NBA Players of 2010s - Statistics

General Stats
  • This quiz has been taken 46 times
  • The average score is 13 of 15
Answer Stats
Hint Answer % Correct
MIA-CLE-LAL LeBron James
100%
GS Stephen Curry
100%
OKC-HOU-BRK James Harden
98%
SA-TOR-LAC Kawhi Leonard
98%
OKC-GS-BRK Kevin Durant
98%
DAL Dirk Nowitzki
95%
OKC-HOU-WAS Russell Westbrook
95%
MIA-CHI-MIA Dwyane Wade
88%
CLE-BOS-BRK Kyrie Irving
88%
NOH-LAC-HOU Chris Paul
86%
IND-OKC Paul George
86%
SAS Tim Duncan
86%
NOP-LAL Anthony Davis
83%
LAC-DET Blake Griffin
74%
MIL Giannis Antetokoumpo
0%
No matching quizzes found
Score Distribution
Percent of People with Each Score
Percentile by Number Answered
Your Score History
You have not taken this quiz